000 00739nam a2200289Ia 4500
005 20260324113005.0
008 008 260324s9999 xx 000 0 eng d
020 _a9781032679600
037 _aEBOOK
040 _aCRL
040 _beng
040 _cCRL
041 _2eng
041 _aeng
084 _qCRL
100 _aDon M. Barry; John D. Campbell; Andrew K.S. Jardine; Joel McGlynn
_91144978
245 0 _aAsset Management Excellence
245 0 _bOptimizing Equipment Life-Cycle Decisions
260 _bTaylor and Francis
260 _c2024
365 _a
365 _b355
856 _uhttp://www.taylorfrancis.com/books/9781032679600
942 _cEBOOK
999 _c1734389
_d1734389